000 00587nam a22002177a 4500
003 OSt
005 20140310181915.0
008 130716t xxu||||| |||| 00| 0 eng d
020 _a0854765956
050 _aHQ 755.8
_b.H726 1995
082 _aTR 392.13 Hol1 1995
100 _aHolden, David
_9745
245 _aRaising Children a parents privilege /
_cDavid and Liz Holden
260 _aEastbourne :
_bKingsway Publications,
_cc1995.
300 _a128 p.
_c18 cm.
521 _aFaculty
541 _j1
562 _e1
650 _aFiction
_9746
942 _2lcc
_cBK-TR
_kTR
999 _c6719
_d6719